NLSUI OPAC header image

The law of contracts and tenders.Vol.I (Record no. 27225)

MARC details
000 -LEADER
fixed length control field 00415nam a2200157Ia 4500
008 - FIXED-LENGTH DATA ELEMENTS--GENERAL INFORMATION
fixed length control field 160316s1994 xxu||||| |||| 00| 0 eng d
082 ## - DEWEY DECIMAL CLASSIFICATION NUMBER
Classification number 346.022000
Item number IYE-I
100 ## - MAIN ENTRY--PERSONAL NAME
Personal name Iyer T S Venkatesa
245 ## - TITLE STATEMENT
Title The law of contracts and tenders.Vol.I
250 ## - EDITION STATEMENT
Edition statement 6th
260 ## - PUBLICATION, DISTRIBUTION, ETC.
Place of publication, distribution, etc. New Delhi
Name of publisher, distributor, etc. Gogia & Co.
Date of publication, distribution, etc. 1994
300 ## - PHYSICAL DESCRIPTION
Extent 968p
Other physical details
Dimensions
365 ## - TRADE PRICE
Price amount Rs. 880 Vols
650 ## - SUBJECT ADDED ENTRY--TOPICAL TERM
Topical term or geographic name entry element 1.Contract Laws - Tenders
700 ## - ADDED ENTRY--PERSONAL NAME
Personal name
--
Holdings
Withdrawn status Lost status Damaged status Not for loan Home library Current library Shelving location Date acquired Total Checkouts Full call number Barcode Date last seen Price effective from Koha item type
        . . NAB Compactor 30.05.2017   346.022 IYE-I 9228 30.05.2017 30.05.2017 BOOKs